000 01010nam a22002531 4500
001 105378
003 ES-MaACL
005 20250706063013.0
007 t|
008 060703s1954 mx ||||0| spa d
080 _a821.134.2.09"18"
100 1 _aLlorens, Vicente,
_d1906-1979
_972884
245 1 0 _aLiberales y románticos :
_buna emigración española en Inglaterra (1823-1834) /
_cpor Vicente Llorens Castillo.
250 _a1ª ed.
260 _aMéxico :
_bEl Colegio de México,
_c1954.
300 _a382 p., 10 lám. ;
_c21 cm.
490 1 _aPublicaciones de la Revista de filología hispánica ;
_v3
650 1 7 _aExiliados españoles-
_zGran Bretaña
_2
_9172182
650 4 _aLiteratura española-
_xAutores exiliados-
_zGran Bretaña-
_xHistoria y crítica.
_9172181
710 2 _aColegio de México.
_92911
830 1 _aPublicaciones de la Revista de filología hispánica ;
_v3
_9232711
852 _aES-MaACL
_jAND-173
_z- Biblioteca Juan Andrade.
999 _c105378
_d105378